Dr. S. R. Lasker Library Online Catalogue

Home      Library Home      Institutional Repository      E-Resources      MyAthens      EWU Home

Applied statistics and probability for engineers / (Record no. 3664)

MARC details
000 -LEADER
fixed length control field 01355cam a2200397 a 4500
001 - CONTROL NUMBER
control field 3664
003 - CONTROL NUMBER IDENTIFIER
control field BD-DhEWU
005 - DATE AND TIME OF LATEST TRANSACTION
control field 20190219104619.0
008 - FIXED-LENGTH DATA ELEMENTS--GENERAL INFORMATION
fixed length control field 020116s2003 nyua g b 001 0 eng d
020 ## - INTERNATIONAL STANDARD BOOK NUMBER
International Standard Book Number 0471204544(acidfree paper)
International Standard Book Number 9780471204541
International Standard Book Number 0471381810
035 ## - SYSTEM CONTROL NUMBER
System control number (OCoLC)48837844
040 ## - CATALOGING SOURCE
Original cataloging agency DLC
Transcribing agency DLC
Modifying agency DLC
-- BD-DhEWU
Language of cataloging eng
041 ## - LANGUAGE CODE
Language code of text/sound track or separate title eng
050 00 - LIBRARY OF CONGRESS CALL NUMBER
Classification number QA276.12.M645 2003
082 00 - DEWEY DECIMAL CLASSIFICATION NUMBER
Classification number 519.5
Edition number
Item number MOA 2003
100 1# - MAIN ENTRY--PERSONAL NAME
Personal name Montgomery, Douglas C.
9 (RLIN) 2342
245 10 - TITLE STATEMENT
Title Applied statistics and probability for engineers /
Statement of responsibility, etc Douglas C. Montgomery, George C. Runger.
250 ## - EDITION STATEMENT
Edition statement 3rd ed.
260 ## - PUBLICATION, DISTRIBUTION, ETC. (IMPRINT)
Place of publication, distribution, etc New York :
Name of publisher, distributor, etc John Wiley & Sons,
Date of publication, distribution, etc c2003.
300 ## - PHYSICAL DESCRIPTION
Extent xiv, 706 p. :
Other physical details ill. (some col.) ;
Dimensions 27 cm.
504 ## - BIBLIOGRAPHY, ETC. NOTE
Bibliography, etc Includes bibliographical references and index.
526 ## - STUDY PROGRAM INFORMATION NOTE
Program name AS
Requested Dept. (EWU) MPS
590 ## - LOCAL NOTE (RLIN)
Local note Saifun Momota
650 #0 - SUBJECT ADDED ENTRY--TOPICAL TERM
Topical term or geographic name as entry element Statistics.
9 (RLIN) 7277
Topical term or geographic name as entry element Probabilities.
9 (RLIN) 2275
700 1# - ADDED ENTRY--PERSONAL NAME
Personal name Runger, George C.
9 (RLIN) 7278
856 42 - ELECTRONIC LOCATION AND ACCESS
Materials specified Worldcat details
Uniform Resource Identifier http://www.worldcat.org/title/applied-statistics-and-probability-for-engineers/oclc/48837844&referer=brief_results
Materials specified E-book Fulltext
Uniform Resource Identifier http://lib.ewubd.edu/ebook/3664
942 ## - ADDED ENTRY ELEMENTS (KOHA)
Source of classification or shelving scheme Dewey Decimal Classification
Koha item type Text
Holdings
Withdrawn status Lost status Source of classification or shelving scheme Damaged status Not for loan Collection code Home library Current library Shelving location Date acquired Source of acquisition Cost, normal purchase price Total Checkouts Full call number Barcode Copy number Koha item type Date last seen Date checked out Price effective from
    Dewey Decimal Classification   Not For Loan Non-fiction Dr. S. R. Lasker Library, EWU Dr. S. R. Lasker Library, EWU Reserve Section 19/07/2004 Karim International 1640.00   519.5 MOA 2003 14157 C-1 Text      
    Dewey Decimal Classification   Not For Loan Non-fiction Dr. S. R. Lasker Library, EWU Dr. S. R. Lasker Library, EWU Reserve Section 19/07/2004 Karim International 1640.00 4 519.5 MOA 2003 14158 C-2 Text 06/03/2014 27/02/2014  
    Dewey Decimal Classification     Non-fiction Dr. S. R. Lasker Library, EWU Dr. S. R. Lasker Library, EWU Audio Visual 19/07/2004 Karim International     519.5 MOA 2003 CD-737 C-1 CDs & DVDs 03/12/2014   03/12/2014
    Dewey Decimal Classification     Non-fiction Dr. S. R. Lasker Library, EWU Dr. S. R. Lasker Library, EWU Audio Visual 19/07/2004 Karim International     519.5 MOA 2003 CD-738 C-2 CDs & DVDs 03/12/2014   03/12/2014
    Dewey Decimal Classification     Non-fiction Dr. S. R. Lasker Library, EWU Dr. S. R. Lasker Library, EWU E-book 03/01/2018       519.5 MOA 2003     E-Book 03/01/2018   03/01/2018